000 00930nam a2200253Ia 4500
003 GCL
008 140319s9999 xx 000 0 ara d
020 _a064212977
040 _aGCL /
_cGCL
082 0 4 _a658.15932
_bا ا
100 1 _aاحمد محمد المصرى
245 1 0 _aادارة الاعمال الطبية :
_bالمستشفيات والصيدليات /
_cاحمد محمد المصرى
260 _aالقاهرة :
_bمؤسسة شباب الجامعة ،
_c2005
300 _a286 ص ؛
_c24 سم
650 0 4 _aادارة الاعمال
650 0 4 _aالادارة والتنظيم
650 0 4 _aادارة الافراد
650 0 4 _aالقيادة الادارية
650 0 4 _aالمستشفيات - ادارة
650 0 4 _aالادوية - صناعة وتجارة
650 0 4 _aالمستشفيات - تجهيز
650 0 4 _aالصيدليات - تنظيم وادارة
942 _2ddc
_cBK
999 _c8295
_d8295